000 00394nam a2200145Ia 4500
008 230917s9999||||xx |||||||||||||| ||und||
040 _e15963
_aMAIN
041 _aEnglish
082 _a338.6 B847I
100 _aBryce, Murry D
245 0 _aIndustrial development: A guide for accelerating economics growth
260 _aNew York
_bMcGraw-Hill
_c1960
300 _avii, 282 p.
942 _cBK
999 _c102071
_d102071